Economic Analysis of Various Desallination Plants with Respect to Egpyt / (رقم التسجيلة. 47867)

تفاصيل مارك
000 -LEADER
fixed length control field 012600000a22003250004500
003 - CONTROL NUMBER IDENTIFIER
control field EG-GICUC
005 - DATE AND TIME OF LATEST TRANSACTION
control field 20250223031056.0
008 - FIXED-LENGTH DATA ELEMENTS--GENERAL INFORMATION
fixed length control field 070124s2004 ua a f m 000 0 eng d
040 ## - CATALOGING SOURCE
Original cataloging agency EG-GICUC
Language of cataloging eng
Transcribing agency EG-GICUC
041 0# - LANGUAGE CODE
Language code of text/sound track or separate title Eng
049 ## - LOCAL HOLDINGS (OCLC)
Holding library Deposite
097 ## - Thesis Degree
Thesis Level M.Sc
099 ## - LOCAL FREE-TEXT CALL NUMBER (OCLC)
Classification number Cai01.13.04.M.Sc.2004.Gh.E
100 0# - MAIN ENTRY--PERSONAL NAME
Personal name Ghada Ahmed Mohamed ElBazedi
245 10 - TITLE STATEMENT
Title Economic Analysis of Various Desallination Plants with Respect to Egpyt /
Statement of responsibility, etc. Ghada Ahmed Mohamed ElBazedi ; Supervised Mahmoud A.ElRifai , Ayman Z.Mohamed , Reem S.Ettouney
246 15 - VARYING FORM OF TITLE
Title proper/short title اقتصاديات تطبيق تكنولوجيا تحلية المياة فى مصر
260 ## - PUBLICATION, DISTRIBUTION, ETC.
Place of publication, distribution, etc. Cairo :
Name of publisher, distributor, etc. Ghada Ahmed Mohamed ElBazedi ,
Date of publication, distribution, etc. 2004
300 ## - PHYSICAL DESCRIPTION
Extent 148P :
Other physical details ill ;
Dimensions 30cm
502 ## - DISSERTATION NOTE
Dissertation note Thesis (M.Sc.) - Cairo University - Faculty Of Engineering - Department Of Chemical Engineering
530 ## - ADDITIONAL PHYSICAL FORM AVAILABLE NOTE
Additional physical form available note Issued also as CD
653 #4 - INDEX TERM--UNCONTROLLED
Uncontrolled term Respect to Egpy
653 #4 - INDEX TERM--UNCONTROLLED
Uncontrolled term Various Desallination Plants
700 0# - ADDED ENTRY--PERSONAL NAME
Personal name Ayman Zaki Mohamed ,
Relator term
700 0# - ADDED ENTRY--PERSONAL NAME
Personal name Mahmoud Abdelhkeem ElRifai ,
Relator term
700 0# - ADDED ENTRY--PERSONAL NAME
Personal name Reem Sayed Ettouney ,
Relator term
856 ## - ELECTRONIC LOCATION AND ACCESS
Uniform Resource Identifier <a href="http://172.23.153.220/th.pdf">http://172.23.153.220/th.pdf</a>
905 ## - LOCAL DATA ELEMENT E, LDE (RLIN)
Cataloger Mustafa
Reviser Revisor
905 ## - LOCAL DATA ELEMENT E, LDE (RLIN)
Cataloger Nazla
Reviser Cataloger
942 ## - ADDED ENTRY ELEMENTS (KOHA)
Source of classification or shelving scheme Dewey Decimal Classification
Koha item type Thesis
المقتنيات
Source of classification or shelving scheme Not for loan Home library Current library Date acquired Full call number Barcode Date last seen Koha item type
Dewey Decimal Classification   المكتبة المركزبة الجديدة - جامعة القاهرة قاعة الرسائل الجامعية - الدور الاول 11.02.2024 Cai01.13.04.M.Sc.2004.Gh.E 01010110042829000 22.09.2023 Thesis
Dewey Decimal Classification   المكتبة المركزبة الجديدة - جامعة القاهرة مخـــزن الرســائل الجـــامعية - البدروم 11.02.2024 Cai01.13.04.M.Sc.2004.Gh.E 01020110042829000 22.09.2023 CD - Rom
Cairo University Libraries Portal Implemented & Customized by: Eng. M. Mohamady Contacts: new-lib@cl.cu.edu.eg | cnul@cl.cu.edu.eg
CUCL logo CNUL logo
© All rights reserved — Cairo University Libraries
CUCL logo
Implemented & Customized by: Eng. M. Mohamady Contact: new-lib@cl.cu.edu.eg © All rights reserved — New Central Library
CNUL logo
Implemented & Customized by: Eng. M. Mohamady Contact: cnul@cl.cu.edu.eg © All rights reserved — Cairo National University Library